[Event "Quebec Montcalm op 2 2016-17"]
[Site "Quebec"]
[Date "2016.11.10"]
[Round "5"]
[White "Dube, Dominic"]
[Black "Leblanc Legault, Mathieu"]
[Result "1-0"]
[WhiteElo "1734"]
[BlackElo "1732"]
[PlyCount "93"]
[EventDate "2016.10.13"]
[EventType "swiss"]
[EventRounds "5"]
[EventCountry "CAN"]
[SourceTitle "EXT 2022"]
[Source "ChessBase"]
[SourceDate "2021.10.06"]
[SourceVersion "1"]
[SourceVersionDate "2021.10.06"]
[SourceQuality "1"]

1. e4 d5 2. exd5 Qxd5 3. Nc3 Qd8 4. d4 Nf6 5. Nf3 e6 6. Bc4 a6 7. a3 b5 8. Ba2 c5 9. Bg5 cxd4 10. Qxd4 Qxd4 11. Nxd4 Be7 12. 0-0-0 0-0 13. Bf4 Bc5 14. Bxb8 Bxd4 15. Bd6 Bxf2 16. Bxf8 Kxf8 17. Kb1 Bb7 18. h3 Ke7 19. Rhf1 Bg3 20. Rd2 Rc8 21. Ne2 Bb8 22. Nf4 g5 23. Nd3 Ne4 24. Rdd1 Ng3 25. Rfe1 Bxg2 26. Nb4 Be4 27. Bb3 a5 28. Nd3 a4 29. Ba2 Bd6 30. Rd2 Bf5 31. Nb4 Bxb4 32. axb4 Bxh3 33. Rd3 Bf5 34. Rxg3 Rxc2 35. Ka1 Kf6 36. Rf1 h5 37. Rgf3 Rd2 38. Bb1 Rd5 39. Rc3 Rd4 40. Rc5 Rf4 41. Rxf4 gxf4 42. Bxf5 exf5 43. Rxb5 f3 44. Rc5 Ke6 45. Rc1 h4 46. Ka2 h3 47. Ka3 1-0

[Event "Quebec Keres"]
[Site "Quebec"]
[Date "2016.05.09"]
[Round "2"]
[White "Tremblay Alix, Eric"]
[Black "Dube, Dominic"]
[Result "1-0"]
[WhiteElo "1816"]
[BlackElo "1768"]
[PlyCount "57"]
[EventDate "2016.05.02"]
[EventType "swiss"]
[EventRounds "5"]
[EventCountry "CAN"]
[SourceTitle "EXT 2022"]
[Source "ChessBase"]
[SourceDate "2021.10.06"]
[SourceVersion "1"]
[SourceVersionDate "2021.10.06"]
[SourceQuality "1"]

1. e4 c6 2. d4 d5 3. e5 Bf5 4. Nf3 e6 5. Be2 Nd7 6. Be3 Qb6 7. b3 c5 8. 0-0 Ne7 9. Nc3 Nc6 10. Na4 Qc7 11. c3 Be7 12. h3 h5 13. Ng5 f6 14. Bxh5+ g6 15. Bxg6+ Bxg6 16. Nxe6 Qc8 17. Nf4 Bf5 18. Nxd5 fxe5 19. Qf3 Bd3 20. Rfe1 b5 21. Nxe7 Nxe7 22. Nxc5 Nxc5 23. dxc5 e4 24. Qf6 Rf8 25. Qh4 Ng6 26. Qg3 Qf5 27. Bh6 Rg8 28. Qxd3 Ne5 29. Qxe4 1-0

[Event "Quebec Montcalm op 6 2015-16"]
[Site "Quebec"]
[Date "2016.04.07"]
[Round "3"]
[White "Lessard, Claude"]
[Black "Dube, Dominic"]
[Result "1-0"]
[WhiteElo "2046"]
[BlackElo "1839"]
[PlyCount "63"]
[EventDate "2016.03.24"]
[EventType "swiss"]
[EventRounds "5"]
[EventCountry "CAN"]
[SourceTitle "EXT 2022"]
[Source "ChessBase"]
[SourceDate "2021.10.06"]
[SourceVersion "1"]
[SourceVersionDate "2021.10.06"]
[SourceQuality "1"]

1. d4 c6 2. c4 d5 3. Nc3 Nf6 4. Nf3 e6 5. Bg5 Be7 6. e3 Qb6 7. Qc2 dxc4 8. Bxc4 Nbd7 9. 0-0 0-0 10. e4 Re8 11. Bd3 g6 12. h3 Nh5 13. Be3 Qd8 14. Rad1 b6 15. e5 Bb7 16. Nh2 Qc8 17. Ng4 Bf8 18. Ne4 c5 19. dxc5 Bxc5 20. Bxc5 bxc5 21. Nd6 Qc7 22. Nxe8 Rxe8 23. Be4 Ba6 24. Rfe1 Bb5 25. a4 Ba6 26. Qd2 Nb6 27. Bf3 Qe7 28. b3 c4 29. a5 Na8 30. bxc4 Bxc4 31. Qd7 Kg7 32. Qxe7 1-0

[Event "Quebec Montcalm op 6 2015-16"]
[Site "Quebec"]
[Date "2016.03.31"]
[Round "2"]
[White "Dube, Dominic"]
[Black "Auger, Bertrand"]
[Result "0-1"]
[WhiteElo "1839"]
[BlackElo "1903"]
[PlyCount "84"]
[EventDate "2016.03.24"]
[EventType "swiss"]
[EventRounds "5"]
[EventCountry "CAN"]
[SourceTitle "EXT 2022"]
[Source "ChessBase"]
[SourceDate "2021.10.06"]
[SourceVersion "1"]
[SourceVersionDate "2021.10.06"]
[SourceQuality "1"]

1. e4 Nf6 2. e5 Ng8 3. d4 d6 4. exd6 cxd6 5. Bd3 g6 6. Ne2 Bg7 7. 0-0 Nf6 8. c3 0-0 9. Bg5 Nbd7 10. Nd2 b6 11. c4 Bb7 12. d5 Ne5 13. Bc2 b5 14. b3 Rc8 15. cxb5 Nxd5 16. Rc1 Nb4 17. Bb1 Qd7 18. a3 Qg4 19. Ng3 Qxg5 20. f4 Qh4 21. fxe5 Qd4+ 22. Kh1 Nd3 23. Bxd3 Qxd3 24. exd6 Qxd6 25. Rxc8 Rxc8 26. Nc4 Qc7 27. Qd2 Rd8 28. Qb4 h5 29. Re1 Bf6 30. Ne4 Bh4 31. g3 Bf6 32. Kg1 Bd4+ 33. Kf1 Qd7 34. Nf2 Qf5 35. Qd2 Qf3 36. Qf4 Qg2+ 37. Ke2 Bf6 38. h4 Rd4 39. Qb8+ Kg7 40. Qxa7 Re4+ 41. Kd1 Qf3+ 42. Kd2 Qc3+ 0-1

[Event "Quebec Montcalm op 4 2015-16"]
[Site "Quebec"]
[Date "2016.01.28"]
[Round "3"]
[White "Dube, Dominic"]
[Black "Ripoll, Arthur"]
[Result "1-0"]
[WhiteElo "1750"]
[BlackElo "1704"]
[PlyCount "105"]
[EventDate "2016.01.14"]
[EventType "swiss"]
[EventRounds "5"]
[EventCountry "CAN"]
[SourceTitle "EXT 2022"]
[Source "ChessBase"]
[SourceDate "2021.10.06"]
[SourceVersion "1"]
[SourceVersionDate "2021.10.06"]
[SourceQuality "1"]

1. e4 e5 2. Nf3 Nc6 3. Bc4 Bc5 4. d3 Nf6 5. a3 d6 6. Nc3 Be6 7. Bxe6 fxe6 8. Be3 Bb6 9. h3 Qd7 10. Qd2 d5 11. exd5 exd5 12. Ne2 d4 13. Bg5 e4 14. dxe4 Nxe4 15. Qd3 Nxg5 16. Nxg5 0-0-0 17. Nf3 h6 18. 0-0-0 Rhe8 19. Rhe1 Ne5 20. Nxe5 Rxe5 21. Ng3 Rde8 22. Re4 Qd5 23. Rde1 c5 24. Rxe5 Rxe5 25. Rxe5 Qxe5 26. Qf5+ Qxf5 27. Nxf5 Kd7 28. Nxg7 Bd8 29. b3 Kd6 30. Kd1 Ke5 31. Ke2 b5 32. g4 a5 33. a4 bxa4 34. bxa4 Bg5 35. Nf5 Kd5 36. h4 Bc1 37. Ne7+ Kd6 38. Ng6 Ke6 39. f4 Kf6 40. f5 Be3 41. Kd3 Bf2 42. Ke4 c4 43. Ne5 d3 44. cxd3 c3 45. d4 c2 46. Nd3 Bxh4 47. d5 Bg5 48. d6 c1Q 49. Nxc1 Bxc1 50. Kd5 Ba3 51. Kc6 Kf7 52. d7 Be7 53. Kc7 1-0

[Event "Quebec Montcalm op"]
[Site "Quebec"]
[Date "2016.01.09"]
[Round "3"]
[White "Lalonde, Jean Louis"]
[Black "Dube, Dominic"]
[Result "0-1"]
[WhiteElo "1820"]
[BlackElo "1662"]
[PlyCount "112"]
[EventDate "2016.01.08"]
[EventType "swiss"]
[EventRounds "5"]
[EventCountry "CAN"]
[SourceTitle "EXT 2022"]
[Source "ChessBase"]
[SourceDate "2021.10.06"]
[SourceVersion "1"]
[SourceVersionDate "2021.10.06"]
[SourceQuality "1"]

1. d4 d5 2. Nf3 Nc6 3. e3 a6 4. c4 Nf6 5. cxd5 Qxd5 6. Nc3 Qh5 7. Be2 Qg4 8. Ne5 Qg5 9. h4 Qh6 10. e4 g5 11. Bxg5 Qg7 12. Nxc6 bxc6 13. Bxf6 Qxf6 14. e5 Qe6 15. Ne4 Qg6 16. Ng5 h5 17. Bf3 Rb8 18. b3 Rb6 19. Rc1 Bd7 20. Rc5 e6 21. Ne4 Be7 22. a4 Rb4 23. Rh3 f5 24. Rg3 Qh6 25. Ng5 Bxc5 26. dxc5 Rxh4 27. Qd2 Rh1+ 28. Ke2 h4 29. Rh3 Rxh3 30. Nxh3 Qxd2+ 31. Kxd2 Ke7 32. Nf4 Rg8 33. Be2 Bc8 34. Ke3 Kf7 35. Bh5+ Kg7 36. Bf3 Bd7 37. Nh5+ Kf7 38. Nf4 Rb8 39. Bd1 Rb4 40. f3 Rb8 41. Nh3 a5 42. Nf4 Bc8 43. Ne2 Ba6 44. Nd4 Rd8 45. Bc2 Bf1 46. Nxc6 Rd5 47. Nxa5 Rxc5 48. Nc4 Bxg2 49. Kf2 h3 50. a5 Rd5 51. Kg3 f4+ 52. Kh2 Bf1 53. a6 Bxc4 54. a7 Rd2+ 55. Kxh3 Bd5 56. Be4 Bxe4 0-1

[Event "Montcalm III 2015-16"]
[Site "Quebec"]
[Date "2015.12.03"]
[Round "3"]
[White "Auger, Bertrand"]
[Black "Dube, Dominic"]
[Result "0-1"]
[WhiteElo "1951"]
[BlackElo "1610"]
[PlyCount "168"]
[EventDate "2015.11.19"]
[EventType "swiss"]
[EventRounds "5"]
[EventCountry "CAN"]
[SourceTitle "EXT 2019"]
[Source "ChessBase"]
[SourceDate "2018.10.10"]
[SourceVersion "1"]
[SourceVersionDate "2018.10.10"]
[SourceQuality "1"]

1. Nf3 d5 2. g3 c6 3. Bg2 Bg4 4. 0-0 Nd7 5. d4 Qb6 6. c4 Ngf6 7. Nc3 e6 8. Ne5 Nxe5 9. dxe5 Nd7 10. cxd5 cxd5 11. Be3 Qxb2 12. Bd4 a6 13. Rb1 Qa3 14. Rxb7 Bc5 15. h3 Bh5 16. g4 Bg6 17. e4 Bxd4 18. Qxd4 Qc5 19. Ne2 Qxd4 20. Nxd4 Nc5 21. Rc7 Nxe4 22. Rd1 h5 23. f3 Ng3 24. f4 hxg4 25. hxg4 0-0 26. Kf2 Ne4+ 27. Ke3 Rfc8 28. Rdc1 Rxc7 29. Rxc7 Bh7 30. f5 exf5 31. gxf5 g5 32. Rd7 Re8 33. Rxd5 Nc3 34. Ra5 Nb5 35. Nc6 Bxf5 36. Bd5 Nc7 37. Bc4 Be6 38. Bxe6 Rxe6 39. Nd4 Rb6 40. Rc5 Ne6 41. Rc8+ Kh7 42. Nf5 Rb2 43. a4 Rb4 44. Nd6 Kg7 45. Ne8+ Kg6 46. Nd6 Rxa4 47. Rg8+ Kh7 48. Ra8 Kg7 49. Nf5+ Kg6 50. Ne7+ Kh5 51. Nd5 Nc5 52. Kf3 g4+ 53. Kg2 Ne6 54. Kg3 Ra3+ 55. Kg2 Ra5 56. Nf6+ Kg5 57. Rg8+ Kf5 58. Nxg4 Nf4+ 59. Kf3 Ng6 60. Ne3+ Ke6 61. Nc4 Nxe5+ 62. Nxe5 Kxe5 63. Re8+ Kf6 64. Ke4 Ra1 65. Kd5 a5 66. Kc4 Kg5 67. Rg8+ Kf4 68. Kb3 f5 69. Ra8 Kf3 70. Kb2 Ra4 71. Kb3 Rb4+ 72. Kc3 Rb5 73. Ra6 Ke4 74. Re6+ Re5 75. Ra6 Ke3 76. Kc2 f4 77. Kd1 Kf2 78. Rf6 f3 79. Rh6 a4 80. Ra6 Re4 81. Kd2 Rd4+ 82. Kc3 Ke3 83. Rf6 Re4 84. Kc2 Ke2 0-1

[Event "Montcalm I 2015-16"]
[Site "Quebec"]
[Date "2015.09.24"]
[Round "3"]
[White "Ripoll, Arthur"]
[Black "Dube, Dominic"]
[Result "0-1"]
[WhiteElo "1714"]
[BlackElo "1581"]
[PlyCount "72"]
[EventDate "2015.09.10"]
[EventType "tourn"]
[EventRounds "5"]
[EventCountry "CAN"]
[SourceTitle "EXT 2019"]
[Source "ChessBase"]
[SourceDate "2018.10.10"]
[SourceVersion "1"]
[SourceVersionDate "2018.10.10"]
[SourceQuality "1"]

1. e4 c6 2. d4 d5 3. e5 Bf5 4. h4 h5 5. Bg5 Qb6 6. Bd3 Bxd3 7. Qxd3 Qxb2 8. Nf3 e6 9. 0-0 Nd7 10. Nbd2 Qa3 11. c3 Be7 12. Rfb1 b6 13. Qc2 c5 14. c4 Bxg5 15. Nxg5 Ne7 16. cxd5 Nxd5 17. Nc4 Qc3 18. Nd6+ Ke7 19. Qxc3 Nxc3 20. Rb3 cxd4 21. f4 f6 22. Nf3 fxe5 23. fxe5 Nc5 24. Rb4 d3 25. Kf1 Nd5 26. Rb2 Ne3+ 27. Kf2 Ng4+ 28. Kg3 Rhf8 29. Nd4 Nxe5 30. N6b5 Ne4+ 31. Kh2 Ng4+ 32. Kg1 d2 33. Rd1 Ne3 34. Rdxd2 Rf1+ 35. Kh2 Ng4+ 36. Kh3 Rh1# 0-1

[Event "Quebec Montcalm 3 2007-08"]
[Site "Quebec"]
[Date "2007.11.15"]
[Round "1"]
[White "Dube, Dominic"]
[Black "Plante, Rejean"]
[Result "0-1"]
[WhiteElo "1613"]
[BlackElo "2032"]
[PlyCount "60"]
[EventDate "2007.11.15"]
[EventType "swiss"]
[EventRounds "5"]
[EventCountry "CAN"]
[SourceTitle "EXT 2022"]
[Source "ChessBase"]
[SourceDate "2021.10.06"]
[SourceVersion "1"]
[SourceVersionDate "2021.10.06"]
[SourceQuality "1"]

1. e4 c5 2. Nf3 e6 3. d4 cxd4 4. Nxd4 a6 5. Bd3 Qc7 6. Nc3 b5 7. a3 Bb7 8. Be3 Nf6 9. Nde2 Nc6 10. Ng3 h5 11. h4 Ng4 12. Qd2 Nxe3 13. Qxe3 Ne5 14. Be2 b4 15. axb4 Bxb4 16. 0-0 g6 17. Na2 Be7 18. Qf4 Rc8 19. c3 Nc4 20. Qxc7 Rxc7 21. b3 Nd2 22. Rfd1 Nxb3 23. Rab1 Nc5 24. f3 Bxh4 25. Nf1 0-0 26. Ne3 Bg5 27. Nc4 d5 28. exd5 Bxd5 29. Nb4 Bxc4 30. Bxc4 Na4 0-1

[Event "Quebec Montcalm 1 2007-08"]
[Site "Quebec"]
[Date "2007.09.13"]
[Round "2"]
[White "Plante, Rejean"]
[Black "Dube, Dominic"]
[Result "1/2-1/2"]
[WhiteElo "2056"]
[BlackElo "1560"]
[PlyCount "81"]
[EventDate "2007.09.06"]
[EventType "swiss"]
[EventRounds "5"]
[EventCountry "CAN"]
[SourceTitle "EXT 2022"]
[Source "ChessBase"]
[SourceDate "2021.10.06"]
[SourceVersion "1"]
[SourceVersionDate "2021.10.06"]
[SourceQuality "1"]

1. d4 c6 2. e4 d5 3. e5 Bf5 4. Nf3 e6 5. Be2 Nd7 6. Nbd2 c5 7. c3 Qb6 8. Nf1 Ne7 9. Ng3 Bg6 10. 0-0 Nc6 11. a3 Be7 12. b4 cxd4 13. cxd4 0-0 14. Be3 Rac8 15. h4 f6 16. h5 Bf7 17. Rc1 fxe5 18. dxe5 Qd8 19. Bd4 Nxd4 20. Qxd4 Qb6 21. Qxb6 Nxb6 22. Nd4 Rxc1 23. Rxc1 Rc8 24. Rxc8+ Nxc8 25. Bg4 Kf8 26. Nxe6+ Bxe6 27. Bxe6 Nb6 28. f4 Nc4 29. Nf5 Nxa3 30. Nxe7 Kxe7 31. Bxd5 Nc2 32. Bxb7 Nxb4 33. Bf3 a5 34. Bd1 Nd3 35. g3 Nc5 36. Bc2 h6 37. Kf2 a4 38. Ke2 a3 39. Bb1 Ne4 40. Kd3 Nxg3 41. Ba2 1/2-1/2